[Event "Team Championship Russia (Rapid, Women)"]
[Site "Sochi"]
[Date "2018.10.08"]
[Round "2.4"]
[White "Maltsevskaya, Aleksandra"]
[Black "Kovanova, Baira"]
[Result "1/2-1/2"]
[BlackElo "2317"]
[WhiteElo "2194"]
[LiveChessVersion "1.4.8"]

1. Nf3 {[%clk 0:15:13]} Nf6 {[%clk 0:15:17]} 2. g3 {[%clk 0:15:21]} e6
{[%clk 0:15:16]} 3. Bg2 {[%clk 0:15:29]} d5 {[%clk 0:15:21]} 4. O-O
{[%clk 0:15:36]} Be7 {[%clk 0:15:27]} 5. d3 {[%clk 0:15:39]} O-O {[%clk 0:15:23]}
6. Nbd2 {[%clk 0:15:47]} c5 {[%clk 0:15:29]} 7. e4 {[%clk 0:15:48]} Nc6
{[%clk 0:15:24]} 8. b3 {[%clk 0:15:40]} b6 {[%clk 0:13:42]} 9. Bb2
{[%clk 0:15:40]} Bb7 {[%clk 0:13:48]} 10. Ne5 {[%clk 0:15:44]} Nxe5
{[%clk 0:12:27]} 11. Bxe5 {[%clk 0:15:51]} Nd7 {[%clk 0:11:21]} 12. Bb2
{[%clk 0:15:58]} Bf6 {[%clk 0:11:01]} 13. Bxf6 {[%clk 0:15:44]} Qxf6
{[%clk 0:10:49]} 14. exd5 {[%clk 0:14:32]} Bxd5 {[%clk 0:10:33]} 15. Ne4
{[%clk 0:14:23]} Qe7 {[%clk 0:10:10]} 16. Qe2 {[%clk 0:14:20]} Ne5
{[%clk 0:09:05]} 17. Qh5 {[%clk 0:05:36]} Ng6 {[%clk 0:05:28]} 18. Rfe1
{[%clk 0:05:04]} Rad8 {[%clk 0:05:01]} 19. Rad1 {[%clk 0:04:10]} h6
{[%clk 0:04:45]} 20. f4 {[%clk 0:01:37]} Qb7 {[%clk 0:04:38]} 21. Qe2
{[%clk 0:01:46]} Ne7 {[%clk 0:04:43]} 22. Nd2 {[%clk 0:01:16]} Nf5
{[%clk 0:03:35]} 23. Bxd5 {[%clk 0:01:19]} Qxd5 {[%clk 0:02:41]} 24. Qg2
{[%clk 0:00:38]} Qd4+ {[%clk 0:01:34]} 25. Qf2 {[%clk 0:00:30]} Qb2
{[%clk 0:01:12]} 26. Nc4 {[%clk 0:00:33]} Qc3 {[%clk 0:01:21]} 27. Qd2
{[%clk 0:00:34]} Qf6 {[%clk 0:01:05]} 28. Ne5 {[%clk 0:00:28]} Nd4
{[%clk 0:01:11]} 29. Qf2 {[%clk 0:00:36]} h5 {[%clk 0:01:01]} 30. Nf3
{[%clk 0:00:29]} Nxf3+ {[%clk 0:00:39]} 31. Qxf3 {[%clk 0:00:37]} Qd4+
{[%clk 0:00:44]} 32. Qf2 {[%clk 0:00:46]} g6 {[%clk 0:00:41]} 1/2-1/2

[Event "Team Championship Russia (Rapid, Women)"]
[Site "Sochi"]
[Date "2018.10.08"]
[Round "2.5"]
[White "Bodnaruk, Anastasia"]
[Black "Gritsayeva, Oksana"]
[Result "1-0"]
[BlackElo "2388"]
[WhiteElo "2479"]
[LiveChessVersion "1.4.8"]

1. e4 {[%clk 0:15:19]} e5 {[%clk 0:15:19]} 2. Nf3 {[%clk 0:15:28]} Nc6
{[%clk 0:15:27]} 3. Bc4 {[%clk 0:15:35]} Nf6 {[%clk 0:15:34]} 4. d3
{[%clk 0:15:44]} Be7 {[%clk 0:15:42]} 5. O-O {[%clk 0:15:50]} O-O
{[%clk 0:15:48]} 6. Re1 {[%clk 0:15:58]} d6 {[%clk 0:15:56]} 7. c3
{[%clk 0:16:05]} Na5 {[%clk 0:14:26]} 8. Bb5 {[%clk 0:16:13]} Bd7
{[%clk 0:14:33]} 9. Bxd7 {[%clk 0:16:09]} Nxd7 {[%clk 0:14:32]} 10. d4
{[%clk 0:15:53]} Nc6 {[%clk 0:14:29]} 11. d5 {[%clk 0:15:17]} Ncb8
{[%clk 0:14:37]} 12. c4 {[%clk 0:15:18]} a5 {[%clk 0:13:04]} 13. Nc3
{[%clk 0:15:26]} Nc5 {[%clk 0:13:08]} 14. b3 {[%clk 0:15:04]} Nba6
{[%clk 0:12:27]} 15. Rb1 {[%clk 0:12:32]} Nb4 {[%clk 0:11:36]} 16. Re3
{[%clk 0:12:08]} Nba6 {[%clk 0:10:51]} 17. a3 {[%clk 0:11:31]} g6
{[%clk 0:10:50]} 18. b4 {[%clk 0:11:25]} axb4 {[%clk 0:10:58]} 19. axb4
{[%clk 0:11:35]} Nd7 {[%clk 0:11:06]} 20. Re2 {[%clk 0:11:06]} f5
{[%clk 0:10:36]} 21. exf5 {[%clk 0:10:03]} gxf5 {[%clk 0:10:41]} 22. c5
{[%clk 0:07:26]} dxc5 {[%clk 0:07:55]} 23. Nxe5 {[%clk 0:07:32]} Nxe5
{[%clk 0:07:08]} 24. Rxe5 {[%clk 0:07:40]} Bd6 {[%clk 0:06:12]} 25. Rxf5
{[%clk 0:04:55]} Rxf5 {[%clk 0:02:42]} 26. Qg4+ {[%clk 0:05:03]} Kh8
{[%clk 0:02:43]} 27. Qxf5 {[%clk 0:05:00]} Qf8 {[%clk 0:02:41]} 28. Qxf8+
{[%clk 0:03:30]} Bxf8 {[%clk 0:02:01]} 29. bxc5 {[%clk 0:03:01]} Nxc5
{[%clk 0:02:09]} 30. Bf4 {[%clk 0:02:59]} Bd6 {[%clk 0:01:59]} 31. Bxd6
{[%clk 0:02:29]} cxd6 {[%clk 0:02:08]} 32. h4 {[%clk 0:02:17]} Ra3
{[%clk 0:02:04]} 33. Nb5 {[%clk 0:02:17]} Ra6 {[%clk 0:02:12]} 34. Rc1
{[%clk 0:01:53]} Ne4 {[%clk 0:01:20]} 35. Rc8+ {[%clk 0:01:18]} Kg7
{[%clk 0:01:29]} 36. Rc7+ {[%clk 0:01:27]} Kg6 {[%clk 0:01:31]} 37. Rxb7
{[%clk 0:01:28]} Ra1+ {[%clk 0:01:04]} 38. Kh2 {[%clk 0:01:37]} Nxf2
{[%clk 0:00:55]} 39. Nxd6 {[%clk 0:01:44]} h5 {[%clk 0:00:35]} 40. Rb6
{[%clk 0:01:04]} Ng4+ {[%clk 0:00:17]} 41. Kg3 {[%clk 0:01:08]} Kf6
{[%clk 0:00:23]} 42. Nc4+ {[%clk 0:00:59]} Kf5 {[%clk 0:00:28]} 43. Re6
{[%clk 0:00:43]} Rd1 {[%clk 0:00:26]} 44. Nd6# {[%clk 0:00:46]} 1-0

[Event "Team Championship Russia (Rapid, Women)"]
[Site "Sochi"]
[Date "2018.10.08"]
[Round "2.6"]
[White "Tomilova, Elena"]
[Black "Ovod, Evgenija"]
[Result "1/2-1/2"]
[BlackElo "2198"]
[WhiteElo "2275"]
[LiveChessVersion "1.4.8"]

1. c4 {[%clk 0:15:16]} f5 {[%clk 0:15:14]} 2. g3 {[%clk 0:15:21]} Nf6
{[%clk 0:15:21]} 3. Bg2 {[%clk 0:15:29]} g6 {[%clk 0:15:22]} 4. Nc3
{[%clk 0:15:32]} Bg7 {[%clk 0:15:30]} 5. e3 {[%clk 0:15:11]} e5 {[%clk 0:14:49]}
6. d3 {[%clk 0:15:13]} O-O {[%clk 0:14:40]} 7. Nge2 {[%clk 0:15:19]} c6
{[%clk 0:14:16]} 8. O-O {[%clk 0:15:11]} d6 {[%clk 0:14:04]} 9. Rb1
{[%clk 0:15:09]} a5 {[%clk 0:14:03]} 10. a3 {[%clk 0:15:14]} Be6 {[%clk 0:14:01]}
11. b4 {[%clk 0:15:03]} axb4 {[%clk 0:14:10]} 12. axb4 {[%clk 0:15:12]} Nbd7
{[%clk 0:14:12]} 13. Qc2 {[%clk 0:14:01]} Kh8 {[%clk 0:14:03]} 14. Bd2
{[%clk 0:12:57]} d5 {[%clk 0:13:49]} 15. cxd5 {[%clk 0:09:33]} cxd5
{[%clk 0:13:53]} 16. d4 {[%clk 0:09:25]} e4 {[%clk 0:13:42]} 17. Na4
{[%clk 0:08:33]} Nb6 {[%clk 0:12:50]} 18. Nxb6 {[%clk 0:08:16]} Qxb6
{[%clk 0:12:59]} 19. Qc5 {[%clk 0:08:00]} Nd7 {[%clk 0:13:06]} 20. Qxb6
{[%clk 0:07:44]} Nxb6 {[%clk 0:13:15]} 21. b5 {[%clk 0:07:16]} Ra2
{[%clk 0:12:58]} 22. Nf4 {[%clk 0:07:15]} Bf7 {[%clk 0:12:14]} 23. Bb4
{[%clk 0:07:18]} Rc8 {[%clk 0:11:39]} 24. Bc5 {[%clk 0:05:02]} Nc4
{[%clk 0:11:47]} 25. h4 {[%clk 0:05:06]} b6 {[%clk 0:10:10]} 26. Bb4
{[%clk 0:05:04]} Bf8 {[%clk 0:09:25]} 27. Rfc1 {[%clk 0:04:45]} Bxb4
{[%clk 0:08:39]} 28. Rxb4 {[%clk 0:04:54]} Rca8 {[%clk 0:08:47]} 29. Bf1
{[%clk 0:04:47]} Ra1 {[%clk 0:08:52]} 30. Rbb1 {[%clk 0:04:18]} Rxb1
{[%clk 0:07:44]} 31. Rxb1 {[%clk 0:04:28]} Nd2 {[%clk 0:07:51]} 32. Rc1
{[%clk 0:04:21]} Nxf1 {[%clk 0:07:53]} 33. Kxf1 {[%clk 0:04:29]} Ra5
{[%clk 0:08:01]} 34. Rc7 {[%clk 0:02:55]} Kg7 {[%clk 0:08:09]} 35. Nxd5
{[%clk 0:02:38]} Rxb5 {[%clk 0:08:17]} 36. Nf4 {[%clk 0:02:41]} Rb1+
{[%clk 0:08:04]} 37. Ke2 {[%clk 0:02:46]} Rb2+ {[%clk 0:07:51]} 38. Ke1
{[%clk 0:02:51]} Rb1+ {[%clk 0:05:55]} 39. Ke2 {[%clk 0:02:47]} Rb2+
{[%clk 0:05:34]} 40. Ke1 {[%clk 0:02:57]} Rb1+ {[%clk 0:05:36]} 41. Kd2
{[%clk 0:02:43]} Rb2+ {[%clk 0:05:28]} 42. Ke1 {[%clk 0:02:43]} Rb1+
{[%clk 0:05:21]} 43. Kd2 {[%clk 0:02:52]} Rb2+ {[%clk 0:05:28]} 44. Ke1
{[%clk 0:03:01]} 1/2-1/2

[Event "Team Championship Russia (Rapid, Women)"]
[Site "Sochi"]
[Date "2018.10.08"]
[Round "2.7"]
[White "Belenkaya, Dina"]
[Black "Charochkina, Daria"]
[Result "0-1"]
[BlackElo "2360"]
[WhiteElo "2204"]
[LiveChessVersion "1.4.8"]

1. e4 {[%clk 0:15:17]} c6 {[%clk 0:15:03]} 2. d4 {[%clk 0:15:23]} d5
{[%clk 0:15:12]} 3. exd5 {[%clk 0:15:26]} cxd5 {[%clk 0:15:21]} 4. Bd3
{[%clk 0:15:31]} Nc6 {[%clk 0:15:30]} 5. c3 {[%clk 0:15:39]} Qc7 {[%clk 0:15:37]}
6. Ne2 {[%clk 0:15:38]} Bg4 {[%clk 0:15:46]} 7. O-O {[%clk 0:15:23]} e6
{[%clk 0:14:45]} 8. Qe1 {[%clk 0:15:18]} Bxe2 {[%clk 0:11:56]} 9. Qxe2
{[%clk 0:15:26]} Bd6 {[%clk 0:12:04]} 10. g3 {[%clk 0:14:20]} Nge7
{[%clk 0:11:18]} 11. Nd2 {[%clk 0:13:54]} O-O {[%clk 0:11:03]} 12. Nf3
{[%clk 0:11:37]} g6 {[%clk 0:08:52]} 13. Bh6 {[%clk 0:10:40]} Rfe8
{[%clk 0:09:00]} 14. Rae1 {[%clk 0:10:43]} Qd7 {[%clk 0:08:52]} 15. Bg5
{[%clk 0:08:57]} a6 {[%clk 0:08:36]} 16. Bf6 {[%clk 0:08:11]} Nf5
{[%clk 0:08:24]} 17. Qd2 {[%clk 0:05:30]} Be7 {[%clk 0:07:46]} 18. Ne5
{[%clk 0:04:22]} Nxe5 {[%clk 0:07:29]} 19. dxe5 {[%clk 0:04:03]} Qd8
{[%clk 0:06:20]} 20. Bxf5 {[%clk 0:02:27]} exf5 {[%clk 0:05:46]} 21. Qd4
{[%clk 0:02:29]} Bxf6 {[%clk 0:05:25]} 22. exf6 {[%clk 0:02:38]} Re6
{[%clk 0:04:41]} 23. Rd1 {[%clk 0:01:36]} Rxf6 {[%clk 0:04:08]} 24. Qxd5
{[%clk 0:01:38]} Qb6 {[%clk 0:04:09]} 25. b3 {[%clk 0:01:32]} Re6
{[%clk 0:03:32]} 26. Qd4 {[%clk 0:00:54]} Qc6 {[%clk 0:03:25]} 27. Rd2
{[%clk 0:00:59]} Rae8 {[%clk 0:03:31]} 28. c4 {[%clk 0:01:01]} Re4
{[%clk 0:03:18]} 29. Qd5 {[%clk 0:01:07]} Qb6 {[%clk 0:03:11]} 30. Qd6
{[%clk 0:00:40]} Qa5 {[%clk 0:03:08]} 31. a4 {[%clk 0:00:25]} f4 {[%clk 0:02:05]}
32. Qd5 {[%clk 0:00:28]} Qb4 {[%clk 0:01:53]} 33. Rd3 {[%clk 0:00:37]} Qb6
{[%clk 0:00:49]} 34. a5 {[%clk 0:00:34]} Qc7 {[%clk 0:00:54]} 35. Rf3
{[%clk 0:00:39]} R4e5 {[%clk 0:00:57]} 36. Qd4 {[%clk 0:00:41]} Rxa5
{[%clk 0:00:53]} 37. Rxf4 {[%clk 0:00:50]} Rae5 {[%clk 0:00:56]} 38. Rf6
{[%clk 0:00:46]} Qe7 {[%clk 0:01:02]} 39. Qb6 {[%clk 0:00:48]} Re1
{[%clk 0:01:08]} 40. Rxe1 {[%clk 0:00:39]} Qxe1+ {[%clk 0:01:16]} 41. Kg2
{[%clk 0:00:47]} Qe4+ {[%clk 0:01:25]} 42. Kg1 {[%clk 0:00:39]} Qb1+
{[%clk 0:01:10]} 43. Kg2 {[%clk 0:00:49]} Qe4+ {[%clk 0:00:59]} 44. Kg1
{[%clk 0:00:58]} Qd3 {[%clk 0:00:53]} 45. Qa5 {[%clk 0:00:16]} Qxb3
{[%clk 0:00:50]} 46. Qc7 {[%clk 0:00:21]} Qb1+ {[%clk 0:00:42]} 47. Kg2
{[%clk 0:00:29]} Qe4+ {[%clk 0:00:51]} 48. Kg1 {[%clk 0:00:35]} Re7
{[%clk 0:00:52]} 49. Qc8+ {[%clk 0:00:33]} Kg7 {[%clk 0:00:58]} 50. Rd6
{[%clk 0:00:41]} Qb1+ {[%clk 0:01:01]} 51. Kg2 {[%clk 0:00:50]} Re1
{[%clk 0:01:07]} 52. Qg4 {[%clk 0:00:30]} Rg1+ {[%clk 0:01:01]} 53. Kh3
{[%clk 0:00:39]} Qf1+ {[%clk 0:01:05]} 54. Kh4 {[%clk 0:00:48]} Qxf2
{[%clk 0:01:14]} 55. h3 {[%clk 0:00:47]} Rxg3 {[%clk 0:00:58]} 56. Qxg3
{[%clk 0:00:31]} g5+ {[%clk 0:01:07]} 57. Kg4 {[%clk 0:00:30]} h5+
{[%clk 0:00:58]} 58. Kxh5 {[%clk 0:00:37]} Qxg3 {[%clk 0:01:07]} 0-1

[Event "Team Championship Russia (Rapid, Women)"]
[Site "Sochi"]
[Date "2018.10.08"]
[Round "2.8"]
[White "Vasilevich, Tatjana"]
[Black "Chernyak, Viktoria"]
[Result "1-0"]
[BlackElo "2197"]
[WhiteElo "2369"]
[LiveChessVersion "1.4.8"]

1. d4 {[%clk 0:15:19]} d5 {[%clk 0:15:18]} 2. c4 {[%clk 0:15:27]} e6
{[%clk 0:15:22]} 3. Nf3 {[%clk 0:15:36]} c6 {[%clk 0:15:28]} 4. e3
{[%clk 0:15:45]} Nf6 {[%clk 0:15:35]} 5. Nbd2 {[%clk 0:15:53]} Nbd7
{[%clk 0:15:37]} 6. Bd3 {[%clk 0:16:02]} dxc4 {[%clk 0:15:16]} 7. Nxc4
{[%clk 0:16:11]} b5 {[%clk 0:15:02]} 8. Nce5 {[%clk 0:16:17]} Nxe5
{[%clk 0:13:17]} 9. Nxe5 {[%clk 0:16:06]} Bb7 {[%clk 0:13:12]} 10. O-O
{[%clk 0:16:04]} a6 {[%clk 0:12:40]} 11. a4 {[%clk 0:15:39]} Bd6 {[%clk 0:09:44]}
12. f4 {[%clk 0:15:32]} O-O {[%clk 0:09:45]} 13. Qf3 {[%clk 0:15:19]} Qc7
{[%clk 0:09:33]} 14. Qh3 {[%clk 0:15:13]} g6 {[%clk 0:09:29]} 15. Bd2
{[%clk 0:14:37]} c5 {[%clk 0:09:22]} 16. Rac1 {[%clk 0:12:37]} Qe7
{[%clk 0:07:50]} 17. axb5 {[%clk 0:11:55]} axb5 {[%clk 0:07:59]} 18. Bxb5
{[%clk 0:12:01]} cxd4 {[%clk 0:07:05]} 19. exd4 {[%clk 0:12:03]} Bd5
{[%clk 0:07:02]} 20. Bc3 {[%clk 0:09:18]} Qb7 {[%clk 0:06:18]} 21. Bd3
{[%clk 0:09:15]} Ne4 {[%clk 0:04:55]} 22. Bxe4 {[%clk 0:08:43]} Bxe4
{[%clk 0:05:03]} 23. Ng4 {[%clk 0:08:42]} f6 {[%clk 0:03:05]} 24. d5
{[%clk 0:08:22]} Be7 {[%clk 0:02:26]} 25. dxe6 {[%clk 0:03:40]} Ra6
{[%clk 0:01:06]} 26. Rfe1 {[%clk 0:03:37]} Qb6+ {[%clk 0:01:01]} 27. Kh1
{[%clk 0:03:41]} Qxe6 {[%clk 0:00:57]} 28. f5 {[%clk 0:02:34]} Qd5
{[%clk 0:00:32]} 29. fxg6 {[%clk 0:02:19]} hxg6 {[%clk 0:00:39]} 30. Nf2
{[%clk 0:01:52]} Bf5 {[%clk 0:00:37]} 31. Qh4 {[%clk 0:01:07]} Ra7
{[%clk 0:00:34]} 32. Rcd1 {[%clk 0:01:06]} Qc6 {[%clk 0:00:38]} 33. Ng4
{[%clk 0:00:56]} Be4 {[%clk 0:00:35]} 34. Rxe4 {[%clk 0:00:54]} 1-0

[Event "Team Championship Russia (Rapid, Women)"]
[Site "Sochi"]
[Date "2018.10.08"]
[Round "2.9"]
[White "Shuvalova, Polina"]
[Black "Maletina, Tatiana"]
[Result "1-0"]
[BlackElo "2246"]
[WhiteElo "2342"]
[LiveChessVersion "1.4.8"]

1. e4 {[%clk 0:15:18]} e6 {[%clk 0:15:19]} 2. d4 {[%clk 0:15:27]} d5
{[%clk 0:15:27]} 3. Nd2 {[%clk 0:15:35]} Be7 {[%clk 0:15:31]} 4. Bd3
{[%clk 0:15:36]} c5 {[%clk 0:15:40]} 5. dxc5 {[%clk 0:15:36]} Nf6
{[%clk 0:15:49]} 6. exd5 {[%clk 0:15:24]} exd5 {[%clk 0:15:57]} 7. Ngf3
{[%clk 0:15:28]} a5 {[%clk 0:15:26]} 8. a4 {[%clk 0:15:22]} O-O {[%clk 0:15:25]}
9. h3 {[%clk 0:15:14]} Na6 {[%clk 0:15:18]} 10. Nb3 {[%clk 0:15:17]} Nxc5
{[%clk 0:15:17]} 11. Nxc5 {[%clk 0:15:23]} Bxc5 {[%clk 0:15:25]} 12. O-O
{[%clk 0:15:28]} Ne4 {[%clk 0:14:35]} 13. Nd2 {[%clk 0:09:35]} Ng3
{[%clk 0:09:11]} 14. Nb3 {[%clk 0:07:03]} Nxf1 {[%clk 0:09:01]} 15. Nxc5
{[%clk 0:07:09]} Qc7 {[%clk 0:09:09]} 16. Nb3 {[%clk 0:06:54]} Qh2+
{[%clk 0:09:16]} 17. Kxf1 {[%clk 0:07:02]} Qh1+ {[%clk 0:08:45]} 18. Ke2
{[%clk 0:07:12]} Qxg2 {[%clk 0:08:52]} 19. Be3 {[%clk 0:07:11]} Bxh3
{[%clk 0:07:42]} 20. Qh1 {[%clk 0:06:19]} Bg4+ {[%clk 0:03:02]} 21. Kd2
{[%clk 0:06:25]} Qxh1 {[%clk 0:03:10]} 22. Rxh1 {[%clk 0:06:30]} f5
{[%clk 0:03:06]} 23. Nd4 {[%clk 0:05:55]} g6 {[%clk 0:03:15]} 24. Bf4
{[%clk 0:05:28]} Rfe8 {[%clk 0:03:12]} 25. f3 {[%clk 0:05:13]} Bh5
{[%clk 0:03:20]} 26. Ra1 {[%clk 0:05:21]} h6 {[%clk 0:02:44]} 27. Bxh6
{[%clk 0:04:52]} Kf7 {[%clk 0:02:51]} 28. Ra3 {[%clk 0:04:53]} Kf6
{[%clk 0:02:45]} 29. Rb3 {[%clk 0:04:52]} Re7 {[%clk 0:02:42]} 30. Rb6+
{[%clk 0:04:41]} Kf7 {[%clk 0:02:42]} 31. Bg5 {[%clk 0:04:46]} Rd7
{[%clk 0:02:41]} 32. Bb5 {[%clk 0:04:35]} Rc7 {[%clk 0:02:50]} 33. Bf4
{[%clk 0:04:31]} Re7 {[%clk 0:02:58]} 34. Bd6 {[%clk 0:04:37]} Rd8
{[%clk 0:02:38]} 35. Bxe7 {[%clk 0:04:40]} Kxe7 {[%clk 0:02:46]} 36. f4
{[%clk 0:04:27]} Rg8 {[%clk 0:02:39]} 37. Rxb7+ {[%clk 0:04:34]} Kd6
{[%clk 0:02:48]} 38. Nb3 {[%clk 0:04:00]} g5 {[%clk 0:02:56]} 39. Rd7+
{[%clk 0:03:29]} Ke6 {[%clk 0:02:59]} 40. Nd4+ {[%clk 0:03:34]} Kf6
{[%clk 0:03:06]} 41. Rd6+ {[%clk 0:03:42]} Kf7 {[%clk 0:03:13]} 42. Nxf5
{[%clk 0:03:45]} Rh8 {[%clk 0:03:19]} 43. fxg5 {[%clk 0:03:47]} Bg6
{[%clk 0:03:27]} 44. Rf6+ {[%clk 0:03:55]} 1-0

[Event "Team Championship Russia (Rapid, Women)"]
[Site "Sochi"]
[Date "2018.10.08"]
[Round "2.10"]
[White "Semenova, Elena"]
[Black "Voit, Daria"]
[Result "1/2-1/2"]
[BlackElo "2355"]
[WhiteElo "2147"]
[LiveChessVersion "1.4.8"]

1. e4 {[%clk 0:15:18]} c5 {[%clk 0:15:19]} 2. Nf3 {[%clk 0:15:26]} d6
{[%clk 0:15:28]} 3. Bb5+ {[%clk 0:15:35]} Nc6 {[%clk 0:15:33]} 4. O-O
{[%clk 0:15:37]} a6 {[%clk 0:15:29]} 5. Bxc6+ {[%clk 0:13:46]} bxc6
{[%clk 0:15:37]} 6. c3 {[%clk 0:13:49]} g6 {[%clk 0:15:39]} 7. d4
{[%clk 0:13:55]} cxd4 {[%clk 0:15:43]} 8. cxd4 {[%clk 0:14:00]} Bg7
{[%clk 0:15:51]} 9. h3 {[%clk 0:14:08]} Nf6 {[%clk 0:15:59]} 10. Nc3
{[%clk 0:13:58]} O-O {[%clk 0:16:04]} 11. Be3 {[%clk 0:13:54]} Rb8
{[%clk 0:16:11]} 12. b3 {[%clk 0:13:41]} h6 {[%clk 0:16:15]} 13. Rc1
{[%clk 0:13:42]} Qa5 {[%clk 0:16:12]} 14. Nd2 {[%clk 0:12:31]} Be6
{[%clk 0:15:51]} 15. Na4 {[%clk 0:12:04]} Rfc8 {[%clk 0:15:49]} 16. Qe2
{[%clk 0:10:47]} Nd7 {[%clk 0:15:26]} 17. Nc4 {[%clk 0:08:57]} Bxc4
{[%clk 0:15:19]} 18. Rxc4 {[%clk 0:08:51]} d5 {[%clk 0:14:25]} 19. exd5
{[%clk 0:07:30]} cxd5 {[%clk 0:14:32]} 20. Rc2 {[%clk 0:04:47]} Nb6
{[%clk 0:11:41]} 21. Nc5 {[%clk 0:03:36]} Ra8 {[%clk 0:11:35]} 22. Rfc1
{[%clk 0:03:31]} Qb5 {[%clk 0:11:35]} 23. Qd2 {[%clk 0:03:31]} h5
{[%clk 0:11:30]} 24. a4 {[%clk 0:03:07]} Qe8 {[%clk 0:11:34]} 25. Qa5
{[%clk 0:02:54]} Nd7 {[%clk 0:10:51]} 26. Nxd7 {[%clk 0:02:51]} Rxc2
{[%clk 0:10:57]} 27. Rxc2 {[%clk 0:02:59]} Qxd7 {[%clk 0:11:06]} 28. Qc7
{[%clk 0:02:25]} Qxc7 {[%clk 0:10:27]} 29. Rxc7 {[%clk 0:02:33]} Rb8
{[%clk 0:10:25]} 30. Rxe7 {[%clk 0:01:55]} Rxb3 {[%clk 0:10:33]} 31. Ra7
{[%clk 0:02:02]} Rb1+ {[%clk 0:10:36]} 32. Kh2 {[%clk 0:02:11]} Rb4
{[%clk 0:10:42]} 33. Ra8+ {[%clk 0:02:01]} Kh7 {[%clk 0:10:50]} 34. Rxa6
{[%clk 0:02:06]} Bxd4 {[%clk 0:10:57]} 35. Bxd4 {[%clk 0:01:04]} Rxd4
{[%clk 0:11:05]} 36. a5 {[%clk 0:01:06]} Ra4 {[%clk 0:11:12]} 37. Ra7
{[%clk 0:01:11]} Kg7 {[%clk 0:11:21]} 38. a6 {[%clk 0:01:16]} Ra3
{[%clk 0:11:24]} 39. Rd7 {[%clk 0:01:16]} Rxa6 {[%clk 0:11:32]} 1/2-1/2

[Event "Team Championship Russia (Rapid, Women)"]
[Site "Sochi"]
[Date "2018.10.08"]
[Round "2.11"]
[White "Kovalevskaya, Ekaterina"]
[Black "Potapova, Margarita"]
[Result "1-0"]
[BlackElo "2151"]
[WhiteElo "2307"]
[LiveChessVersion "1.4.8"]

1. Nf3 {[%clk 0:15:17]} Nf6 {[%clk 0:15:13]} 2. g3 {[%clk 0:15:26]} d5
{[%clk 0:14:32]} 3. Bg2 {[%clk 0:15:32]} c5 {[%clk 0:14:37]} 4. c4
{[%clk 0:15:22]} d4 {[%clk 0:14:38]} 5. b4 {[%clk 0:15:23]} cxb4 {[%clk 0:13:41]}
6. a3 {[%clk 0:15:32]} bxa3 {[%clk 0:13:28]} 7. O-O {[%clk 0:15:39]} Nc6
{[%clk 0:13:35]} 8. e3 {[%clk 0:15:07]} e5 {[%clk 0:13:21]} 9. Qa4
{[%clk 0:13:24]} Bd7 {[%clk 0:13:16]} 10. Bxa3 {[%clk 0:13:30]} Be7
{[%clk 0:12:11]} 11. Bxe7 {[%clk 0:12:57]} Qxe7 {[%clk 0:12:12]} 12. Qa3
{[%clk 0:13:02]} Qxa3 {[%clk 0:12:08]} 13. Nxa3 {[%clk 0:13:09]} O-O
{[%clk 0:08:57]} 14. exd4 {[%clk 0:12:34]} exd4 {[%clk 0:09:06]} 15. Nb5
{[%clk 0:11:43]} d3 {[%clk 0:08:53]} 16. Rfb1 {[%clk 0:11:21]} Ne4
{[%clk 0:07:45]} 17. Ra3 {[%clk 0:09:45]} Nc5 {[%clk 0:05:47]} 18. Ne1
{[%clk 0:06:28]} Ne5 {[%clk 0:02:34]} 19. Nd6 {[%clk 0:06:33]} Be6
{[%clk 0:01:31]} 20. Rb5 {[%clk 0:05:21]} Ncd7 {[%clk 0:00:47]} 21. Rxb7
{[%clk 0:04:28]} Rad8 {[%clk 0:00:43]} 22. Rc7 {[%clk 0:03:08]} Nb6
{[%clk 0:00:16]} 23. c5 {[%clk 0:03:06]} Nbc4 {[%clk 0:00:25]} 24. Nxc4
{[%clk 0:03:10]} Nxc4 {[%clk 0:00:27]} 25. Rxd3 {[%clk 0:03:08]} Nxd2
{[%clk 0:00:27]} 26. Rxd8 {[%clk 0:01:37]} Rxd8 {[%clk 0:00:37]} 27. Rxa7
{[%clk 0:01:41]} Nb3 {[%clk 0:00:28]} 28. c6 {[%clk 0:01:46]} Kf8
{[%clk 0:00:22]} 29. Bf3 {[%clk 0:00:39]} Nd4 {[%clk 0:00:25]} 30. c7
{[%clk 0:00:41]} Nxf3+ {[%clk 0:00:28]} 31. Nxf3 {[%clk 0:00:49]} Rd1+
{[%clk 0:00:37]} 32. Kg2 {[%clk 0:00:58]} Rc1 {[%clk 0:00:44]} 33. Nd4
{[%clk 0:00:58]} Bd5+ {[%clk 0:00:28]} 34. f3 {[%clk 0:01:02]} Ke8
{[%clk 0:00:31]} 35. Nf5 {[%clk 0:00:38]} Rc2+ {[%clk 0:00:30]} 36. Kg1
{[%clk 0:00:38]} Rc1+ {[%clk 0:00:35]} 37. Kf2 {[%clk 0:00:42]} Kd7
{[%clk 0:00:36]} 38. Ne7 {[%clk 0:00:36]} Rc2+ {[%clk 0:00:25]} 39. Ke3
{[%clk 0:00:44]} Ke6 {[%clk 0:00:19]} 40. c8=Q+ {[%clk 0:00:48]} 1-0

[Event "Team Championship Russia (Rapid, Women)"]
[Site "Sochi"]
[Date "2018.10.08"]
[Round "2.12"]
[White "Solozhenkina, Elizaveta"]
[Black "Dordzhieva, Dinara"]
[Result "1-0"]
[BlackElo "2248"]
[WhiteElo "2189"]
[LiveChessVersion "1.4.8"]

1. Nf3 {[%clk 0:15:10]} d5 {[%clk 0:15:17]} 2. g3 {[%clk 0:15:19]} Nf6
{[%clk 0:15:24]} 3. Bg2 {[%clk 0:15:28]} e6 {[%clk 0:15:33]} 4. O-O
{[%clk 0:15:35]} Be7 {[%clk 0:15:42]} 5. d3 {[%clk 0:15:44]} O-O {[%clk 0:15:37]}
6. Nbd2 {[%clk 0:15:52]} c5 {[%clk 0:15:47]} 7. e4 {[%clk 0:16:00]} Nc6
{[%clk 0:15:55]} 8. Re1 {[%clk 0:16:09]} b5 {[%clk 0:15:30]} 9. exd5
{[%clk 0:16:07]} exd5 {[%clk 0:15:05]} 10. Nb3 {[%clk 0:16:06]} Bb7
{[%clk 0:14:58]} 11. Bg5 {[%clk 0:16:00]} h6 {[%clk 0:15:04]} 12. Bxf6
{[%clk 0:16:00]} gxf6 {[%clk 0:15:12]} 13. Nh4 {[%clk 0:13:55]} Ne5
{[%clk 0:12:55]} 14. Nf5 {[%clk 0:11:56]} Bc8 {[%clk 0:11:01]} 15. Nxe7+
{[%clk 0:10:27]} Qxe7 {[%clk 0:11:10]} 16. f4 {[%clk 0:09:44]} c4
{[%clk 0:09:34]} 17. Nc1 {[%clk 0:09:38]} Qb4 {[%clk 0:08:42]} 18. fxe5
{[%clk 0:09:20]} Qxb2 {[%clk 0:08:51]} 19. Ne2 {[%clk 0:09:21]} fxe5
{[%clk 0:08:52]} 20. dxc4 {[%clk 0:09:15]} bxc4 {[%clk 0:08:59]} 21. Rb1
{[%clk 0:08:05]} Qxa2 {[%clk 0:08:31]} 22. Bxd5 {[%clk 0:06:34]} Bf5
{[%clk 0:08:40]} 23. Bxa8 {[%clk 0:06:29]} Bxc2 {[%clk 0:08:35]} 24. Ra1
{[%clk 0:06:15]} Qb3 {[%clk 0:07:49]} 25. Qd5 {[%clk 0:05:58]} Qb6+
{[%clk 0:06:30]} 26. Kh1 {[%clk 0:04:50]} Rd8 {[%clk 0:06:36]} 27. Qxc4
{[%clk 0:04:12]} Bd3 {[%clk 0:06:35]} 28. Qg4+ {[%clk 0:04:20]} Kh8
{[%clk 0:06:32]} 29. Be4 {[%clk 0:03:43]} Qb4 {[%clk 0:05:51]} 30. Ng1
{[%clk 0:03:52]} Rd4 {[%clk 0:05:53]} 31. Qc8+ {[%clk 0:04:00]} Kg7
{[%clk 0:06:01]} 32. Bxd3 {[%clk 0:03:59]} Rxd3 {[%clk 0:06:07]} 33. Qf5
{[%clk 0:02:54]} 1-0